現役選手の過去に使用していた応援歌 - Statistics

General Stats
  • This quiz has been taken 39 times
  • The average score is 24 of 40
Answer Stats
Hint Answer % Correct
気高きその勇姿 比ぶものはないさ我らに希望の光 見せてくれ 西川龍馬
97%
遥か目指す一打 狙い定めて輝く勝利の道 切り拓け 西川遥輝
97%
無限に昇る 華を此処で咲かせろ日本を背負う侍 戦いの時だ 森友哉
90%
勝利を呼び込む 風になれ全てを越えろ (選手名) 秋山翔吾
90%
熱い想いを 一振りに賭けろ白球に夢を乗せて さあフルスイング 伊藤裕季也
83%
仲間を鼓舞するその姿は 扇の要たる所以冴え渡るその戦術活かし 敵を向かい撃て 伊藤光
83%
駆け抜けろ 緑の海原をGo!(選手名)羽ばたけ 栄光の空へ 岡大海
83%
容赦無く切り貫け 迫る敵を薙ぎ払え上野の駿馬よ 走り続けろ 後藤駿太
83%
積み上げたものを今 プレーで示せ横浜の守り神 (選手名) 嶺井博希
80%
行くぞ(選手名) ホームランVを目指して それ行け(選手名) 頓宮裕真
77%
高み目指す想い 全力で解き放て限りなく強い翼 栄えある未来へ 茂木栄五郎
77%
歓声を背に受け 頂を見つめて紅一筋に 突き進め(選手名) 長野久義
73%
打て!力強く無我夢中で振り抜け行け!魅せろ勝利に繋がるその一撃 島内宏明
70%
今この時 お前が駆け抜ける道は一筋 輝け(選手名) 大島洋平
70%
夢見た舞台で 秘めたその力花を咲かせよう 星つなぐストーリー 楠本泰史
67%
積み重ねたものは 惜しまぬ努力の成果琉球の夢を乗せ 放てよ鮮やかに リチャード
67%
(選手名)力の限り 踏み出せ魂を震わせて(選手名)希望の空へ 風を超えて突き進め 鈴木大地
67%
気持ちを高めて 打て!勝利の道へさあ前だけを見て 駆け上がれ(選手名) 石川慎吾
63%
大空へと願い込めて その翼広げ蒼き丘に立つ勇姿よ (選手名)抱け 廣岡大志
63%
青き大空に 今勝利の華を輝くその翼で 示せよ(選手名) 京田陽太
63%
さあいざ行けGOGO目覚めよ届いた想い力に変えて さあいざ行け見せてくれ頂を 信じて挑め(選手名) 秋広優人
63%
ラララ…(選手名)今日も俺たちに勝利運べよ ラララ…(選手名) 今日も俺たちに勝利運べよ 平沢大河
63%
溢れ出す野生感 怪力見せつけてグラウンドで暴れ回る 男の名は(選手名) 愛斗
60%
切り拓いた道の先に 描け理想の姿己の力で挑めよ この舞台で 北村拓己
53%
鋭くレフト前 シャープにライト前コンパクトにセンター前 巧打見せつけろ 山足達也
53%
さあ突き進め 今夢が動き出す全力で駆け上がれ 誰より高き場所へ まだ見ぬ明日を開け オコエ瑠偉
53%
意気高く走り出せ 恐れ知らぬ突き進め勝利目指す (選手名)は超特急 高松渡
50%
風を切り裂く 快足飛ばせ今ここで(選手名) 光瞬け 水谷瞬
47%
栄光導く 杜の主役緑へ染まる大地 さぁ飛び立とう 元山飛優
47%
遥か大きな夢を掴むその日まで燃やせ不屈の魂を 熱く熱く熱く 山田遥楓
47%
大空へ向かって 羽ばたく翼栄冠を手にするその日へ 走り続けろ 平沼翔太
43%
放て弾丸ライナー ここまで飛ばせぶちかませ橙魂のスタンドへ 虹を描いて 宇佐見真吾
43%
君がいるから 共に闘えるよ僕らは待ってる 喜びのヒーローさ 涌井秀章
43%
夢と希望をその胸に 未知のパワーで突き進め強く振り抜け(選手名) 空に羽ばたけ 九鬼隆平
40%
夢に見た舞台 今日も守り抜けいつでもスマイル見せて 麗しく 田口麗斗
40%
打て巧みな技で 魅せろ不屈の闘志立ち向かえ強く (選手名) 山本泰寛
37%
夢に向かって突き進め 後ろ振り向かずその先にあるのはひとつさ その手で掴み取れ 中島卓也
37%
燃える闘志を 心に抱きコース鋭く ミット目掛け行け(選手名) 大竹耕太郎
33%
速い球武器に 熱いハートで(選手名)魅せろ 勝利目指して 田中正義
27%
今迷わず打てよ 恐れるものはないぜこの一振りに 思いを込めて 茶谷健太
17%
No matching quizzes found
Score Distribution
Percent of People with Each Score
Percentile by Number Answered
Your Score History
You have not taken this quiz